|
|
|
|
| LEADER |
00000nam0a2200000 4500 |
| 001 |
301924 |
| 005 |
20231102001441.0 |
| 035 |
|
|
|a (RuTPU)RU\TPU\book\327116
|
| 090 |
|
|
|a 301924
|
| 100 |
|
|
|a 20150818d1965 k y0rusy50 ca
|
| 101 |
0 |
|
|a rus
|
| 102 |
|
|
|a RU
|
| 105 |
|
|
|a a z 001zy
|
| 200 |
1 |
|
|a Технология жестких статорных обмоток
|
| 210 |
|
|
|a Москва
|a Ленинград
|c Энергия
|d 1965
|
| 215 |
|
|
|a 96 с.
|c ил.
|
| 225 |
1 |
|
|a Технология электромашиностроения
|v Вып. 1
|
| 320 |
|
|
|a Библиогр.: с. 95.
|
| 606 |
1 |
|
|a Электрические двигатели, асинхронные
|2 stltpush
|3 (RuTPU)RU\TPU\subj\26924
|9 50755
|
| 610 |
1 |
|
|a статорные катушки
|
| 610 |
1 |
|
|a изоляция
|
| 610 |
1 |
|
|a изготовление
|
| 610 |
1 |
|
|a обмотки
|
| 610 |
1 |
|
|a конструкции
|
| 610 |
1 |
|
|a укладка
|
| 610 |
1 |
|
|a пайка
|
| 610 |
1 |
|
|a расчет
|
| 675 |
|
|
|a 621.313.333
|v 3
|
| 700 |
|
1 |
|a Каганов
|b Л. М.
|g Лев Менделевич
|
| 801 |
|
1 |
|a RU
|b 63413507
|c 20150818
|
| 801 |
|
2 |
|a RU
|b 63413507
|c 20220414
|g RCR
|
| 942 |
|
|
|c BK
|